[Event "COL-ch U12 sf1"]
[Site "Duitama"]
[Date "2019.04.12"]
[Round "2.4"]
[White "Perez, Juan Sebastian"]
[Black "Garzon Roa, Stiven Alejandro"]
[Result "1-0"]
[WhiteElo "1416"]
[BlackElo "1166"]
[PlyCount "99"]
[EventDate "2019.04.11"]
[EventType "swiss"]
[EventRounds "6"]
[EventCountry "COL"]
[SourceTitle "EXT 2024"]
[Source "ChessBase"]
[SourceDate "2023.10.10"]
[SourceVersion "1"]
[SourceVersionDate "2023.10.10"]
[SourceQuality "1"]

1. e4 e5 2. Nc3 Nf6 3. Bc4 Nc6 4. Nf3 Bc5 5. d3 d6 6. h3 h6 7. 0-0 Be6 8. Bb3 Qd7 9. Bxe6 Qxe6 10. Be3 Bxe3 11. fxe3 0-0-0 12. a3 g5 13. d4 exd4 14. exd4 d5 15. e5 Ne4 16. Nh2 f6 17. Nxe4 dxe4 18. Rxf6 Qd5 19. c3 Rdf8 20. Qg4+ Kb8 21. Raf1 Rxf6 22. Rxf6 e3 23. Qf3 Qxf3 24. Rxf3 e2 25. Kf2 h5 26. Kxe2 Rg8 27. Rf5 h4 28. Nf3 Ne7 29. Rxg5 Rxg5 30. Nxg5 Nf5 31. Kf3 b5 32. Ne4 Kb7 33. Nf6 a5 34. Kg4 Ne3+ 35. Kxh4 Nd1 36. e6 Ne3 37. Kg5 Nc4 38. h4 Nd6 39. h5 Kc6 40. h6 Kb7 41. h7 Ka7 42. h8Q Nb7 43. e7 Nd6 44. e8Q Nxe8 45. Qxe8 Kb7 46. d5 Kb6 47. Qc6+ Ka7 48. Qxc7+ Ka6 49. Nd7 b4 50. Qb6# 1-0